Physical chemistry with biological applications (Record no. 33401)

MARC details
000 -LEADER
fixed length control field 00305nam a2200109Ia 4500
082 ## - DEWEY DECIMAL CLASSIFICATION NUMBER
Classification number 541.1:57
Item number LAI
100 ## - MAIN ENTRY--AUTHOR NAME
Personal name Laidler, Keith J
245 #0 - TITLE STATEMENT
Title Physical chemistry with biological applications
260 ## - PUBLICATION, DISTRIBUTION, ETC. (IMPRINT)
Place of publication California
Name of publisher Benjamin/Cumming
Year of publication 1978
942 ## - ADDED ENTRY ELEMENTS (KOHA)
Koha item type Books
Holdings
Withdrawn status Lost status Damaged status Not for loan Home library Current library Date acquired Cost, normal purchase price Full call number Accession Number Koha item type
        RRII Library RRII Library 16/12/2021 17.95 541.1:57 LAI 13899 Books